00797nam a2200217 a 4500008004100000020001500041050001900056100001700075245002100092260011900113260003400232300001900266350000900285490004600294500006400340650002100404650003100425650002600456650004000482710005700522120416s1992 ||||||||||||||||| || u a0122223551 aHF 5686.C8 Dru aDrury, Colin10aStandard costing aLondon:bPublished in association with the Chartered Institute of Management Accountants [by] Academic Pressc1992 aLondon:bAcademic Pressc1992 ax, 198p. : ill a0.00 aAdvanced management and accounting series aIncludes bibliographical references (p. 191-194) and index. aSTANDARD COSTING aCOST ACCOUNTING--STANDARDS 0aMANAGERIAL ACCOUNTING 0aACCOUNTING--HANDBOOKS, MANUALS, ETC aChartered Institute of Management Accountants (CIMA)